| 000 | 00471nam a2200169Ia 4500 | ||
|---|---|---|---|
| 003 | IN-BaIIA | ||
| 008 | 211028s9999 xx 000 0 eng d | ||
| 040 | _cIIA Library | ||
| 080 |
_a521.1 _bPOI |
||
| 100 |
_aPoincare, H. _91505 |
||
| 245 | 0 |
_aLecons de mecanique celeste _bvol. I _cH. Poincare |
|
| 260 |
_aParis _bGauthier Villars _c1905 |
||
| 300 | _avi, 365p. | ||
| 490 | _aCours de la faculte des sciences de Paris | ||
| 650 | _aCelestial Mechanics | ||
| 942 | _cBK | ||
| 999 |
_c706 _d706 |
||